Indicadores económicos

محفوظ في:
التفاصيل البيبلوغرافية
مؤلف مشترك: Banco Central de Nicaragua
التنسيق: نص
منشور في: Managua: BCN
الوسوم: إضافة وسم
لا توجد وسوم, كن أول من يضع وسما على هذه التسجيلة!

MARC

LEADER 00000 a a2200000 04500
001 24607
003
040 |a CRAI/IIS  |c CRAI/IIS 
090 |a 177000  
110 |a Banco Central de Nicaragua  
245 |a Indicadores económicos  
260 |a Managua:   |b BCN  
300 |a 124 p.   |b **no definido**  
999 |c 13282  |d 13282